[Event "ODEM U25-A Oberhof"]
[Site "?"]
[Date "2013.05.19"]
[Round "1.2"]
[White "Mehling, Katharina"]
[Black "Figura, Atila"]
[Result "0-1"]
[WhiteElo "1837"]
[BlackElo "2381"]
[PlyCount "96"]
[EventDate "2013.??.??"]

1. d4 Nf6 2. c4 g6 3. Nc3 d5 4. Bg5 Ne4 5. Nxe4 dxe4 6. e3 Bg7 7. Qd2 h6 8. Bh4
c5 9. Ne2 Nc6 10. d5 Ne5 11. Nc3 Bf5 12. Be2 g5 13. Bg3 h5 14. f3 exf3 15. gxf3
h4 16. Bf2 Bf6 17. O-O-O Qa5 18. e4 Bd7 19. Be3 g4 20. f4 Nf3 21. Bxf3 Bxc3 22.
Qxc3 Qxc3+ 23. bxc3 gxf3 24. h3 b6 25. Rdf1 Bc8 26. Kd2 Ba6 27. Kd3 O-O-O 28.
Rxf3 e6 29. a3 exd5 30. exd5 Rxd5+ 31. Kc2 Bxc4 32. Bc1 Rg8 33. Rh2 Kd7 34. Bd2
Rg1 35. Bc1 f6 36. Rd2 f5 37. Re3 Rxd2+ 38. Bxd2 Rg2 39. Re5 Rg3 40. Re3 Rg2
41. Re5 Rg3 42. Re3 Kd6 43. Kd1 Rg1+ 44. Re1 Rg2 45. Kc2 Rh2 46. Re3 Bf1 47.
Kc1 Bxh3 48. Be1 Bg4 0-1

[Event "ODEM U25-A Oberhof"]
[Site "?"]
[Date "2013.05.19"]
[Round "1.5"]
[White "Cremer, Jan Paul"]
[Black "Schmidt, Daniel (Stadtilm)"]
[Result "1-0"]
[WhiteElo "2195"]
[BlackElo "1753"]
[PlyCount "75"]
[EventDate "2013.??.??"]

1. e4 c5 2. Nf3 d6 3. d4 cxd4 4. Nxd4 Nf6 5. Nc3 a6 6. h3 g6 7. g4 Bg7 8. Bg2
O-O 9. Be3 Nfd7 10. f4 Nb6 11. Qe2 Qc7 12. O-O-O Bd7 13. f5 Nc6 14. Kb1 Ne5 15.
Nb3 Nec4 16. Bd4 Rac8 17. Bxg7 Kxg7 18. Nd5 Nxd5 19. exd5 Bb5 20. Qf2 Ne5 21.
Nd4 Qc5 22. g5 h5 23. gxh6+ Kh7 24. Be4 Bd7 25. Qh4 Rce8 26. Rhf1 Rg8 27. fxg6+
fxg6 28. b3 Qc8 29. Ne6 Bxe6 30. dxe6 Qc7 31. Rf7+ Kh8 32. Rdf1 Qd8 33. Qf4 b6
34. h4 a5 35. h5 Qc8 36. hxg6 Nxg6 37. Bxg6 Rxg6 38. Qd4+ 1-0

[Event "ODEM U25-A Oberhof"]
[Site "?"]
[Date "2013.05.19"]
[Round "1.34"]
[White "Litzka, Richard"]
[Black "Gubela, Hans-Erich"]
[Result "0-1"]
[WhiteElo "1572"]
[BlackElo "1788"]
[PlyCount "116"]
[EventDate "2013.??.??"]

1. e4 b6 2. d4 Bb7 3. Nc3 e6 4. Nf3 Bb4 5. Bd3 Ne7 6. O-O O-O 7. Bg5 f6 8. Bd2
Na6 9. Qe2 Qc8 10. a3 Bxc3 11. Bxc3 c5 12. Rfe1 f5 13. d5 c4 14. Bxc4 fxe4 15.
Qxe4 Bxd5 16. Qe5 Rf6 17. Bxd5 Nxd5 18. Bd4 Nc5 19. b4 Nb7 20. Ng5 Qf8 21. Qe4
Rg6 22. c4 Rxg5 23. cxd5 Rxd5 24. Bb2 Nd6 25. Qg4 Rc8 26. Rac1 Rxc1 27. Bxc1
Qf5 28. Qh4 Qf6 29. Qg4 Qd4 30. Qg3 a5 31. Be3 Qc3 32. Rf1 axb4 33. Qh4 Nf5 34.
Qxb4 Qxb4 35. axb4 Nxe3 36. fxe3 Rd3 37. Rc1 Rxe3 38. Rc8+ Kf7 39. Rb8 Rb3 40.
Rxb6 Rb2 41. Rd6 Ke7 42. Rd4 e5 43. Rd5 Ke6 44. Rb5 h5 45. Rb8 d5 46. b5 Kf5
47. b6 Ke4 48. b7 d4 49. h3 h4 50. Kh1 d3 51. Kh2 Ke3 52. Re8 e4 53. b8=Q Rxb8
54. Rxb8 d2 55. Rb3+ Ke2 56. Rb2 Ke1 57. Rb4 e3 58. Re4 e2 0-1

[Event "ODEM U25-A Oberhof"]
[Site "?"]
[Date "2013.05.19"]
[Round "2.1"]
[White "Goettel, Tobias"]
[Black "Poetsch, Hagen"]
[Result "0-1"]
[WhiteElo "1989"]
[BlackElo "2431"]
[PlyCount "50"]
[EventDate "2013.??.??"]

1. e4 Nc6 2. d4 d5 3. exd5 Qxd5 4. Be3 e5 5. dxe5 Qxe5 6. c3 Bc5 7. Nf3 Qe7 8.
Nd4 Nf6 9. Be2 Ne5 10. Nc2 Bd6 11. Nd2 O-O 12. Nf3 Rd8 13. Qc1 Bg4 14. Ncd4
Nxf3+ 15. Bxf3 c5 16. Nb5 Bxf3 17. gxf3 Be5 18. Na3 Nd5 19. Kf1 Qf6 20. Kg2
Qg6+ 21. Kf1 Qf5 22. Rg1 Bxh2 23. Rg5 Qxf3 24. Nc4 Nf4 25. Qc2 Qh1+ 0-1

[Event "ODEM U25-A Oberhof"]
[Site "?"]
[Date "2013.05.19"]
[Round "2.2"]
[White "Figura, Atila"]
[Black "Stein, Daniel"]
[Result "1/2-1/2"]
[WhiteElo "2381"]
[BlackElo "1823"]
[PlyCount "60"]
[EventDate "2013.??.??"]

1. d4 Nf6 2. c4 g6 3. Nc3 Bg7 4. e4 d6 5. Nf3 O-O 6. Be2 e5 7. O-O Nc6 8. d5
Ne7 9. Kh1 c5 10. a3 a6 11. b4 Nd7 12. Ne1 f5 13. Nd3 b6 14. Bd2 Kh8 15. Rb1
Ng8 16. Qb3 Bh6 17. Bxh6 Nxh6 18. f4 Qe7 19. fxe5 Nxe5 20. Na4 b5 21. Nxe5 Qxe5
22. cxb5 axb5 23. Bxb5 Ng4 24. Qb2 Ba6 25. Bxa6 Rxa6 26. h3 Rxa4 27. hxg4 Qxb2
28. Rxb2 Rxa3 29. bxc5 dxc5 30. gxf5 Re3 1/2-1/2

[Event "ODEM U25-A Oberhof"]
[Site "?"]
[Date "2013.05.19"]
[Round "2.4"]
[White "Wenninger, Philipp"]
[Black "Faldum, Manfred"]
[Result "1-0"]
[WhiteElo "2220"]
[BlackElo "1865"]
[PlyCount "65"]
[EventDate "2013.??.??"]

1. d4 Nf6 2. c4 g6 3. Nc3 Bg7 4. e4 d6 5. f3 O-O 6. Be3 Nc6 7. Nge2 a6 8. Qd2
Rb8 9. Nc1 e5 10. d5 Nd4 11. N1e2 Nxe2 12. Bxe2 Nh5 13. O-O-O f5 14. exf5 gxf5
15. Kb1 Bd7 16. c5 Qe7 17. cxd6 cxd6 18. Bb6 Rbc8 19. Ka1 Be8 20. g3 Bg6 21.
Rc1 Nf6 22. h4 Nd7 23. Bf2 b5 24. h5 Bf7 25. g4 e4 26. gxf5 e3 27. Bxe3 Rfe8
28. Ne4 Rxc1+ 29. Rxc1 Bxh5 30. Rg1 Kh8 31. Rg5 Nf6 32. Bd4 Nxe4 33. fxe4 1-0

[Event "ODEM U25-A Oberhof"]
[Site "?"]
[Date "2013.05.19"]
[Round "2.5"]
[White "Reisberg, Andre"]
[Black "Cremer, Jan Paul"]
[Result "0-1"]
[WhiteElo "1975"]
[BlackElo "2195"]
[PlyCount "96"]
[EventDate "2013.??.??"]

1. d4 Nf6 2. c4 g6 3. Nc3 Bg7 4. e4 d6 5. Nf3 O-O 6. Be2 e5 7. O-O exd4 8. Nxd4
Re8 9. f3 Nc6 10. Nc2 Nh5 11. Nd5 f5 12. Bd3 Ne5 13. Rb1 fxe4 14. fxe4 c6 15.
Nc3 Be6 16. Ne3 Qh4 17. Ne2 Rf8 18. Nd4 Ng4 19. Nf3 Rxf3 20. Rxf3 Qxh2+ 21. Kf1
Ne5 22. Rf2 Nf4 23. Rxf4 Qxf4+ 24. Kg1 Rf8 25. Nf5 Qg4 26. Qxg4 Nxg4 27. Nxg7
Kxg7 28. b4 Nf2 29. Rb3 Ng4 30. Ra3 Ne5 31. Bb2 Kh6 32. Bxe5 dxe5 33. Rxa7 Rf7
34. Ra3 Kg5 35. Rc3 h5 36. a4 h4 37. a5 Kf4 38. b5 Ke3 39. Ra3 Kd4 40. Be2 Bxc4
41. Bxc4 Kxc4 42. bxc6 bxc6 43. a6 Ra7 44. g3 hxg3 45. Kg2 c5 46. Kxg3 Kb5 47.
Rb3+ Kxa6 48. Rb8 Rc7 0-1

[Event "ODEM U25-A Oberhof"]
[Site "?"]
[Date "2013.05.19"]
[Round "2.6"]
[White "Jahncke, Giso"]
[Black "Lansky, Georg"]
[Result "1-0"]
[WhiteElo "2214"]
[BlackElo "1852"]
[PlyCount "47"]
[EventDate "2013.??.??"]

1. c4 c5 2. g3 Nc6 3. Bg2 g6 4. Nc3 Bg7 5. Nf3 Nf6 6. O-O O-O 7. d4 cxd4 8.
Nxd4 Nxd4 9. Qxd4 d6 10. Qd3 a6 11. Be3 Bf5 12. Qd2 Qd7 13. Rfd1 Rac8 14. c5
dxc5 15. Qxd7 Nxd7 16. Bxb7 Rb8 17. Bxa6 Rxb2 18. Nd5 Re8 19. a4 Kf8 20. Rac1
Bc2 21. Bb5 Bxd1 22. Rxd1 Nf6 23. Nxf6 Bxf6 24. Bh6+ 1-0

[Event "ODEM U25-A Oberhof"]
[Site "?"]
[Date "2013.05.19"]
[Round "2.7"]
[White "Hoepfner, Tim"]
[Black "Goelz, Daniel"]
[Result "0-1"]
[WhiteElo "1955"]
[BlackElo "2137"]
[PlyCount "88"]
[EventDate "2013.??.??"]

1. d4 Nf6 2. c4 d6 3. Nc3 Bf5 4. f3 e5 5. d5 Be7 6. e4 Bg6 7. Be3 O-O 8. Nh3 c6
9. Be2 Na6 10. O-O Nc7 11. Nf2 Nd7 12. Nd3 f5 13. Qb3 Qc8 14. Rac1 Nf6 15. dxc6
bxc6 16. c5+ Qe6 17. Qxe6+ Nxe6 18. exf5 Bxf5 19. cxd6 Bxd6 20. Rfd1 Nd4 21.
Bf1 Rad8 22. f4 Ng4 23. Bd2 e4 24. Nf2 Nxf2 25. Kxf2 Bg4 26. Ne2 c5 27. Be3
Bxe2 28. Bxe2 Bxf4 29. Bxf4 Rxf4+ 30. Ke3 Rf5 31. Bc4+ Kh8 32. Rf1 g6 33. Kxe4
Rh5 34. h3 Rh4+ 35. Ke3 Nf5+ 36. Kf3 Rdd4 37. g3 Rxh3 38. Rg1 Nh4+ 39. Ke2 Rh2+
40. Ke3 Nf5+ 41. Kf3 Rxb2 42. Bb3 Rd3+ 43. Kg4 Rd4+ 44. Kg5 Kg7 0-1

[Event "ODEM U25-A Oberhof"]
[Site "?"]
[Date "2013.05.19"]
[Round "2.8"]
[White "Boehning, Kilian"]
[Black "Wurm, Alexander"]
[Result "0-1"]
[WhiteElo "1882"]
[BlackElo "2081"]
[PlyCount "54"]
[EventDate "2013.??.??"]

1. e4 c5 2. Nf3 d6 3. d4 cxd4 4. Nxd4 Nf6 5. Nc3 a6 6. g3 b5 7. Bg2 Bb7 8. O-O
e6 9. a3 Nbd7 10. f4 Qc7 11. Be3 Nc5 12. e5 Bxg2 13. exd6 Qb7 14. Rf2 Nd5 15.
Qe1 Nxc3 16. bxc3 Bd5 17. f5 Bxd6 18. fxe6 fxe6 19. Nf5 Ne4 20. Nxd6+ Nxd6 21.
a4 Ne4 22. Rf1 Rf8 23. Bd4 Rxf1+ 24. Qxf1 Nd2 25. Qf4 Nf3+ 26. Kf2 Nxd4 27.
cxd4 Qf7 0-1

[Event "ODEM U25-A Oberhof"]
[Site "?"]
[Date "2013.05.19"]
[Round "2.9"]
[White "Gubela, Hans-Erich"]
[Black "Galkin, Wladislaw"]
[Result "1/2-1/2"]
[WhiteElo "1788"]
[BlackElo "2066"]
[PlyCount "88"]
[EventDate "2013.??.??"]

1. b3 Nf6 2. Bb2 d5 3. e3 Bf5 4. f4 e6 5. Nf3 Nbd7 6. Be2 h6 7. c4 Be7 8. O-O
O-O 9. Nc3 c5 10. Ne5 d4 11. exd4 cxd4 12. Nb5 Nxe5 13. fxe5 Nh7 14. Kh1 d3 15.
Bg4 Bg6 16. Bh5 Bxh5 17. Qxh5 Bc5 18. Qg4 Qg5 19. Qxg5 Nxg5 20. Rae1 Rfd8 21.
Rf4 Rd7 22. Nd4 Rad8 23. Nf3 Nxf3 24. Rxf3 Bb4 25. Rd1 a6 26. Kg1 Bc5+ 27. Kf1
Bd4 28. Bxd4 Rxd4 29. Kf2 g5 30. Rc1 Kg7 31. h3 h5 32. g3 g4 33. hxg4 Rxg4 34.
Rh1 Rg5 35. Rc1 Rf5 36. Rf4 Kg6 37. Kf3 f6 38. Rxf5 Kxf5 39. exf6 Kxf6 40. Kf4
Rd4+ 41. Kf3 e5 42. Rh1 Kg5 43. Re1 Kf5 44. Rh1 Kg5 1/2-1/2

[Event "ODEM U25-A Oberhof"]
[Site "?"]
[Date "2013.05.19"]
[Round "2.10"]
[White "Schirrmacher, Carsten"]
[Black "Lenz, Jonas"]
[Result "1-0"]
[WhiteElo "2095"]
[BlackElo "1972"]
[PlyCount "81"]
[EventDate "2013.??.??"]

1. e4 c5 2. Nf3 e6 3. d4 cxd4 4. Nxd4 a6 5. Bd3 Nf6 6. O-O Qc7 7. c4 Be7 8. Nc3
O-O 9. Be3 d6 10. f3 Nbd7 11. Qe2 Ne5 12. Rac1 Nxd3 13. Qxd3 b6 14. b3 Bb7 15.
Qd2 Rfd8 16. Qf2 Nd7 17. Rfd1 Rac8 18. Nde2 Bc6 19. Nd5 exd5 20. cxd5 Qb7 21.
dxc6 Rxc6 22. Rxc6 Qxc6 23. Nd4 Qb7 24. Nf5 Bf8 25. Nxd6 Ne5 26. Nxb7 Rxd1+ 27.
Qf1 Rxf1+ 28. Kxf1 Nd7 29. Nd8 Bd6 30. f4 Bc7 31. Nc6 Nf6 32. Ke2 Nxe4 33. Ne7+
Kf8 34. Nd5 Bd8 35. Kd3 Nf6 36. Nxf6 gxf6 37. Ke4 Ke7 38. Kf5 a5 39. Bd4 Bc7
40. h4 h6 41. h5 1-0

[Event "ODEM U25-A Oberhof"]
[Site "?"]
[Date "2013.05.19"]
[Round "2.11"]
[White "Schirra, Felix"]
[Black "Noetzel, Felix"]
[Result "1-0"]
[WhiteElo "1711"]
[BlackElo "2101"]
[PlyCount "78"]
[EventDate "2013.??.??"]

1. e4 d5 2. exd5 Qxd5 3. Nc3 Qa5 4. d4 c6 5. Bd2 Bf5 6. Nf3 Nf6 7. Bc4 e6 8.
Bb3 Nbd7 9. Qe2 Qc7 10. h3 O-O-O 11. O-O-O h6 12. g4 Bh7 13. g5 Nd5 14. Ne4
hxg5 15. Nexg5 Bg6 16. Rhg1 Bh5 17. Qd3 Be7 18. c4 N5b6 19. Qe3 Bf6 20. Ne4
Bxf3 21. Qxf3 Bxd4 22. Qxf7 Qe5 23. Rge1 Rhf8 24. Qe7 Nf6 25. f4 Bxb2+ 26. Kc2
Qf5 27. Kxb2 Nxe4 28. Be3 Rf7 29. Qb4 Kc7 30. c5 Qf6+ 31. Kc2 Nxc5 32. Qxc5
Qg6+ 33. Kc1 Qf6 34. Qe5+ Qxe5 35. fxe5 Nd5 36. Bc5 Rf3 37. Bd6+ Kb6 38. Rg1
Rd7 39. Rg6 Nf4 1-0

[Event "ODEM U25-A Oberhof"]
[Site "?"]
[Date "2013.05.19"]
[Round "2.12"]
[White "Carow, Annelen"]
[Black "Stark, Timo"]
[Result "1/2-1/2"]
[WhiteElo "2025"]
[BlackElo "1843"]
[PlyCount "114"]
[EventDate "2013.??.??"]

1. d4 d5 2. c4 e6 3. Nc3 Nf6 4. cxd5 exd5 5. Bg5 c6 6. e3 Bd6 7. Bd3 O-O 8.
Nge2 Nbd7 9. Qc2 h6 10. Bh4 Re8 11. Bg3 Nf8 12. O-O Bg4 13. Bxd6 Qxd6 14. Ng3
Rad8 15. Rfc1 Bc8 16. Rab1 Ng4 17. Nd1 h5 18. Nf1 h4 19. f3 Nh6 20. b4 a6 21.
a4 Qf6 22. Qf2 h3 23. g3 Ne6 24. Nd2 Ng5 25. Nc3 Nf5 26. Re1 Nd6 27. b5 axb5
28. axb5 Nxb5 29. Nxb5 cxb5 30. Bxb5 Re6 31. Rb3 Rb6 32. Be2 Rdd6 33. Ra1 Rbc6
34. Bd3 Rc7 35. f4 Ne6 36. Nf3 Rdc6 37. Qb2 g5 38. Ne5 Rd6 39. Qf2 gxf4 40.
exf4 Nd8 41. Qb2 Bf5 42. Qb1 Bxd3 43. Qxd3 Rb6 44. Qf3 Ra6 45. Rab1 Qe6 46. Qh5
Qc8 47. Qg4+ Qxg4 48. Nxg4 Ra2 49. R3b2 Rxb2 50. Rxb2 Rc1+ 51. Kf2 Nc6 52. Nf6+
Kg7 53. Nxd5 Nxd4 54. g4 b5 55. Rb4 Rd1 56. Ne3 Rd2+ 57. Kg3 Rd3 1/2-1/2

[Event "ODEM U25-A Oberhof"]
[Site "?"]
[Date "2013.05.19"]
[Round "2.13"]
[White "Khrapko, Marko"]
[Black "Bilchinski, Anton"]
[Result "0-1"]
[WhiteElo "1818"]
[BlackElo "1900"]
[PlyCount "87"]
[EventDate "2013.??.??"]

1. e4 c5 2. Nf3 e6 3. d4 cxd4 4. Nxd4 a6 5. Nc3 Qc7 6. Bd3 Nf6 7. O-O b5 8. a4
b4 9. Na2 Bb7 10. Re1 Bc5 11. e5 Nd5 12. Nb3 Ba7 13. Qg4 Nc6 14. Bd2 Qb6 15.
Re2 O-O-O 16. a5 Qc7 17. Nxb4 Ncxb4 18. Bxb4 h5 19. Qe4 Nc3 20. Qc4 Qxc4 21.
Bxc4 Nxe2+ 22. Bxe2 f6 23. exf6 gxf6 24. Bc5 Kb8 25. Bd6+ Ka8 26. Nc5 Bxc5 27.
Bxc5 Rc8 28. b4 d6 29. Bxd6 Rxc2 30. Re1 h4 31. Bc5 Rd8 32. Bf1 e5 33. g3 hxg3
34. hxg3 e4 35. Bg2 f5 36. Bh1 Bc6 37. Bg2 Kb7 38. Bb6 Rdd2 39. Be3 Rd7 40. Bf1
Rb2 41. Bc5 f4 42. gxf4 e3 43. Bxe3 Rh7 44. Bg2 0-1

[Event "ODEM U25-A Oberhof"]
[Site "?"]
[Date "2013.05.19"]
[Round "2.14"]
[White "Pixa, Richard"]
[Black "Kardoeus, David"]
[Result "0-1"]
[WhiteElo "1920"]
[BlackElo "1894"]
[PlyCount "86"]
[EventDate "2013.??.??"]

1. d4 d5 2. c4 c6 3. cxd5 cxd5 4. Nc3 Nf6 5. Nf3 e6 6. Bg5 Be7 7. e3 O-O 8. Bd3
Bd7 9. Ne5 Qb6 10. Qd2 Rc8 11. O-O Qd8 12. Rac1 a6 13. f4 Nc6 14. Qe2 b5 15.
Bxf6 Bxf6 16. Bxh7+ Kf8 17. Bd3 g6 18. g4 Be8 19. a4 b4 20. Nb1 Qb6 21. b3 Nxd4
22. exd4 Qxd4+ 23. Kh1 Rxc1 24. Rxc1 Qxf4 25. Nxg6+ fxg6 26. Rf1 Qg5 27. Qxe6
Kg7 28. Be2 Bf7 29. Qd6 a5 30. Qc5 Rh8 31. Qf2 d4 32. Nd2 Bd5+ 33. Bf3 Be5 34.
Bxd5 Rxh2+ 35. Qxh2 Bxh2 36. Rf7+ Kh6 37. Ne4 Qxd5 38. g5+ Kh5 39. Rh7+ Kg4 40.
Rxh2 Qxe4+ 41. Kg1 Qb1+ 42. Kg2 Qc2+ 43. Kg1 Qxh2+ 0-1

[Event "ODEM U25-A Oberhof"]
[Site "?"]
[Date "2013.05.19"]
[Round "2.15"]
[White "Valet, Alexander"]
[Black "Schreiber, Kevin"]
[Result "0-1"]
[WhiteElo "1910"]
[BlackElo "1886"]
[PlyCount "90"]
[EventDate "2013.??.??"]

1. e4 c5 2. Nc3 e6 3. d3 Nc6 4. g3 g6 5. Bg2 Bg7 6. f4 d6 7. Nf3 Nge7 8. O-O
O-O 9. Be3 Rb8 10. Qd2 b5 11. Rab1 b4 12. Ne2 Qa5 13. a3 bxa3 14. Qxa5 Nxa5 15.
bxa3 Ba6 16. e5 Nd5 17. Bf2 c4 18. Bxa7 Ra8 19. Bf2 cxd3 20. cxd3 Bxd3 21. Rbe1
Nc4 22. exd6 Nde3 23. Bxe3 Nxe3 24. Rf2 Nxg2 25. Kxg2 Rxa3 26. Nc1 Bc4 27. Ne5
Bd5+ 28. Kg1 Rd8 29. d7 f6 30. Ng4 Rxd7 31. Rc2 h5 32. Ne3 Bb7 33. Nc4 Ra1 34.
Nb6 Rd6 35. Nc8 Rd8 36. Ne7+ Kh7 37. Rc7 Ba8 38. Kf1 Rd2 39. Re2 Rd1+ 40. Re1
Bg2+ 41. Kf2 Rxe1 42. Kxe1 Rb1 43. Kd2 Rb2+ 44. Rc2 Rxc2+ 45. Kxc2 Bb7 0-1

[Event "ODEM U25-A Oberhof"]
[Site "?"]
[Date "2013.05.19"]
[Round "2.17"]
[White "Boehm, Malte"]
[Black "Alten, Silvio"]
[Result "1-0"]
[WhiteElo "1992"]
[BlackElo "1878"]
[PlyCount "63"]
[EventDate "2013.??.??"]

1. c4 Nf6 2. Nc3 g6 3. d4 Bg7 4. e4 d6 5. Nf3 O-O 6. Be2 c6 7. O-O Nbd7 8. Qc2
Qc7 9. h3 e5 10. Be3 Rd8 11. Rac1 exd4 12. Nxd4 Nf8 13. f4 Ne6 14. Qd2 Qe7 15.
Bf3 Nc5 16. Rfe1 Be6 17. b3 Ne8 18. Rcd1 a5 19. Kh1 a4 20. b4 Na6 21. Nxe6 Qxe6
22. Nxa4 Qxc4 23. Nb6 Qxb4 24. Qxb4 Nxb4 25. Nxa8 Rxa8 26. Rb1 Nc2 27. Re2 Nxe3
28. Rxe3 b5 29. e5 d5 30. Rc3 Ra4 31. Rxc6 Rxf4 32. Bxd5 1-0

[Event "ODEM U25-A Oberhof"]
[Site "?"]
[Date "2013.05.19"]
[Round "2.18"]
[White "Reif, Gerold"]
[Black "Peters, Tom"]
[Result "1/2-1/2"]
[WhiteElo "1623"]
[BlackElo "1852"]
[PlyCount "41"]
[EventDate "2013.??.??"]

1. e4 c5 2. c4 Nc6 3. Nc3 e6 4. g3 Nge7 5. Bg2 d6 6. Nge2 b6 7. d3 Bb7 8. O-O
g6 9. f4 Bg7 10. g4 Nd4 11. Ng3 Qd7 12. f5 gxf5 13. gxf5 Be5 14. Qh5 O-O-O 15.
Bh3 Rhg8 16. Qxf7 Rdf8 17. fxe6 Qd8 18. Qh5 Bxg3 19. Rxf8 Bxh2+ 20. Kxh2 Qxf8
21. Be3 1/2-1/2

[Event "ODEM U25-A Oberhof"]
[Site "?"]
[Date "2013.05.19"]
[Round "2.20"]
[White "Wendler, Simon"]
[Black "Yin, Stanley"]
[Result "0-1"]
[WhiteElo "1413"]
[BlackElo "2018"]
[PlyCount "76"]
[EventDate "2013.??.??"]

1. e4 c6 2. d4 Na6 3. c4 d6 4. Nf3 Nf6 5. Bd3 g6 6. Be3 Bg7 7. Qc1 Nb4 8. Qd2
Nxd3+ 9. Qxd3 Qb6 10. b3 Qa5+ 11. Nc3 Nxe4 12. O-O Nxc3 13. Bd2 Bg4 14. Bxc3
Qh5 15. Rfe1 Bxf3 16. Qe3 O-O 17. gxf3 Bh6 18. Qxe7 Bf4 19. h4 Qxf3 20. Qe4
Qg4+ 21. Qg2 Qxh4 22. Bb4 Rfe8 23. Rxe8+ Rxe8 24. Re1 Rxe1+ 25. Bxe1 Qh5 26. f3
Qg5 27. Qxg5 Bxg5 28. Kg2 d5 29. cxd5 cxd5 30. Kg3 Be3 31. Bc3 f5 32. Kh3 g5
33. Kg3 h5 34. Kh3 g4+ 35. fxg4 hxg4+ 36. Kg3 Kg7 37. Kh4 Bf2+ 38. Kg5 g3 0-1

[Event "ODEM U25-A Oberhof"]
[Site "?"]
[Date "2013.05.19"]
[Round "2.21"]
[White "Schwedek, Tony"]
[Black "Taeschner, Simon"]
[Result "1/2-1/2"]
[WhiteElo "1933"]
[BlackElo "1504"]
[PlyCount "114"]
[EventDate "2013.??.??"]

1. d4 Nf6 2. Nf3 g6 3. c4 d6 4. Nc3 Bg7 5. e4 O-O 6. Be2 e5 7. dxe5 dxe5 8.
Qxd8 Rxd8 9. Bg5 Nc6 10. Nd5 Rd6 11. Bxf6 Bxf6 12. c5 Rxd5 13. exd5 Nb4 14. Rd1
Nxa2 15. O-O Nb4 16. Nd2 Bf5 17. Nc4 Rd8 18. d6 cxd6 19. Rxd6 Be6 20. Rxd8+
Bxd8 21. Nxe5 Bf6 22. f4 Nd5 23. g3 g5 24. Nc4 Bd4+ 25. Kg2 gxf4 26. gxf4 Bxc5
27. f5 Bc8 28. Rd1 b5 29. Kg3 Ne7 30. f6 Nf5+ 31. Kg2 Bb7+ 32. Bf3 Bxf3+ 33.
Kxf3 bxc4 34. Rd5 Nd4+ 35. Ke4 Bb6 36. Rxd4 Bxd4 37. Kxd4 h5 38. Kxc4 Kh7 39.
Kb5 Kg6 40. Ka6 Kxf6 41. Kxa7 Kg6 42. Kb6 Kf5 43. Kc5 Ke4 44. b4 f5 45. b5 f4
46. b6 f3 47. b7 f2 48. b8=Q f1=Q 49. Qe8+ Kf3 50. Qxh5+ Kg2 51. h4 Qf8+ 52.
Kd5 Qd8+ 53. Ke4 Kh3 54. Qg5 Qa8+ 55. Kf4 Qa4+ 56. Kf5 Qxh4 57. Qxh4+ Kxh4
1/2-1/2

[Event "ODEM U25-A Oberhof"]
[Site "?"]
[Date "2013.05.19"]
[Round "2.22"]
[White "Grewenig, Jan"]
[Black "Fischer, Maxi"]
[Result "1-0"]
[WhiteElo "2002"]
[BlackElo "1497"]
[PlyCount "67"]
[EventDate "2013.??.??"]

1. Nf3 Nc6 2. e4 e5 3. d4 exd4 4. Nxd4 Nf6 5. Nxc6 bxc6 6. Bd3 Bc5 7. O-O O-O
8. Nc3 Re8 9. Kh1 d5 10. Bg5 Be7 11. exd5 cxd5 12. Bxf6 Bxf6 13. Nxd5 Bxb2 14.
Rb1 Rb8 15. Qh5 h6 16. a3 Qd6 17. Nc3 Be6 18. Nb5 Qe5 19. Qxe5 Bxe5 20. Nxa7
Ra8 21. Bb5 Rf8 22. Nc6 Bf6 23. a4 Bc8 24. Rfe1 Bf5 25. Re2 Kh7 26. h3 Rfe8 27.
Rxe8 Rxe8 28. Nd4 Re5 29. Nxf5 Rxf5 30. Bd3 g6 31. Bxf5 gxf5 32. a5 Bd4 33. a6
Bb6 34. Rxb6 1-0

[Event "ODEM U25-A Oberhof"]
[Site "?"]
[Date "2013.05.19"]
[Round "2.23"]
[White "Steingraeber, Kai-Uwe"]
[Black "Askri, Samir"]
[Result "0-1"]
[WhiteElo "2169"]
[BlackElo "1785"]
[PlyCount "120"]
[EventDate "2013.??.??"]

1. e4 e6 2. d4 d5 3. Nc3 Bb4 4. e5 b6 5. a3 Bf8 6. f4 Nh6 7. Nf3 Qd7 8. Bd3 Ba6
9. O-O c5 10. Kh1 Nf5 11. Ne2 Bxd3 12. cxd3 Nc6 13. g4 Nfxd4 14. Nexd4 Nxd4 15.
Nxd4 cxd4 16. f5 Rc8 17. Bd2 Be7 18. Rf2 Rc6 19. f6 gxf6 20. exf6 Bd6 21. Rc1
Kd8 22. Bh6 Rxc1 23. Qxc1 Rg8 24. Bg7 Qb5 25. Qd1 Kd7 26. g5 Rc8 27. Qh5 Rc1+
28. Kg2 Qxd3 29. Qxf7+ Kd8 30. Qxe6 Qe4+ 31. Qxe4 dxe4 32. f7 d3 33. f8=Q+ Bxf8
34. Rxf8+ Ke7 35. Rf4 e3 36. Bf6+ Ke6 37. Re4+ Kf5 38. Rxe3 d2 39. Rd3 d1=Q 40.
Rxd1 Rxd1 41. Kf3 Rd2 42. Kg3 Rd3+ 43. Kh4 h6 44. h3 Rb3 45. Be7 hxg5+ 46. Bxg5
Rxb2 47. Be7 Rb3 48. Bd6 b5 49. Bc5 a5 50. Bd6 b4 51. axb4 axb4 52. Bc5 Rb1 53.
Kh5 b3 54. h4 Rc1 55. Bd4 Rc8 56. Kh6 Rb8 57. h5 b2 58. Bxb2 Rxb2 59. Kg7 Rg2+
60. Kh8 Rg5 0-1

[Event "ODEM U25-A Oberhof"]
[Site "?"]
[Date "2013.05.19"]
[Round "2.24"]
[White "Feldheim, Jonas"]
[Black "Nobis, Philipp"]
[Result "1-0"]
[WhiteElo "2024"]
[BlackElo "1716"]
[PlyCount "67"]
[EventDate "2013.??.??"]

1. e4 c5 2. d3 d6 3. g3 Nc6 4. Bg2 Bd7 5. f4 g6 6. Nf3 Bg7 7. O-O Qc8 8. c4 Bh3
9. Nc3 Bxg2 10. Kxg2 e6 11. Be3 Nge7 12. Nb5 Qd7 13. e5 dxe5 14. Bxc5 O-O 15.
fxe5 Nxe5 16. Nxe5 Bxe5 17. d4 Bg7 18. Nxa7 b6 19. Bxe7 Qxe7 20. Nb5 Rfd8 21.
Qg4 Qb4 22. b3 Rd7 23. Rf2 Rad8 24. Rd1 f5 25. Qe2 Qe7 26. Qe3 e5 27. d5 Qf6
28. d6 Bf8 29. Qxb6 Bxd6 30. c5 Be7 31. Qxf6 Bxf6 32. Rxd7 Rxd7 33. c6 Rd5 34.
Rc2 1-0

[Event "ODEM U25-A Oberhof"]
[Site "?"]
[Date "2013.05.19"]
[Round "2.25"]
[White "Kitze, Lukas"]
[Black "Diller, Daniel"]
[Result "1/2-1/2"]
[WhiteElo "1611"]
[BlackElo "1822"]
[PlyCount "119"]
[EventDate "2013.??.??"]

1. e4 e6 2. d4 d5 3. Nc3 Bb4 4. e5 c5 5. a3 Bxc3+ 6. bxc3 Ne7 7. Bd3 Nbc6 8.
Nf3 Qa5 9. Bd2 c4 10. Be2 Bd7 11. O-O f6 12. exf6 gxf6 13. Rb1 O-O-O 14. Qc1 e5
15. Qb2 Qc7 16. Be3 Nf5 17. Nd2 Rhg8 18. Rfd1 Nxe3 19. fxe3 Bh3 20. g3 exd4 21.
Nf1 Rde8 22. cxd4 Bxf1 23. Bxf1 Rxe3 24. Bg2 Ne7 25. c3 f5 26. Re1 Rxe1+ 27.
Rxe1 Rg6 28. Qe2 Rg7 29. Qe6+ Qd7 30. Qe5 Rf7 31. Qh8+ Kc7 32. Qe5+ Qd6 33.
Qxd6+ Kxd6 34. Re5 Rf6 35. Kf2 Re6 36. Rxe6+ Kxe6 37. Ke3 Nc8 38. Bh3 Nd6 39.
Kf4 Kf6 40. a4 a5 41. Bg2 Ne4 42. Bxe4 fxe4 43. g4 h6 44. h4 Kg6 45. Ke3 Kf7
46. Kf4 Ke7 47. Ke3 b5 48. axb5 a4 49. b6 Kd7 50. b7 Kc7 51. b8=Q+ Kxb8 52. g5
hxg5 53. hxg5 a3 54. g6 a2 55. g7 a1=Q 56. g8=Q+ Kc7 57. Qf7+ Kd6 58. Qf8+ Ke6
59. Qh6+ Kd7 60. Qg7+ 1/2-1/2

[Event "ODEM U25-A Oberhof"]
[Site "?"]
[Date "2013.05.19"]
[Round "2.26"]
[White "Celmer, Ole"]
[Black "Werner, Justus"]
[Result "1/2-1/2"]
[WhiteElo "1882"]
[BlackElo "1652"]
[PlyCount "68"]
[EventDate "2013.??.??"]

1. e4 c5 2. c3 Nf6 3. e5 Nd5 4. g3 e6 5. Bg2 Qc7 6. Nf3 b6 7. O-O Bb7 8. d4
cxd4 9. Nxd4 a6 10. Re1 Ne7 11. Nd2 Bxg2 12. Kxg2 Ng6 13. N2f3 Nc6 14. Nxc6
Qxc6 15. Kg1 d6 16. Qe2 Qc7 17. exd6 Bxd6 18. Be3 O-O 19. Rad1 Rfd8 20. Bg5 Rd7
21. h4 h6 22. h5 Nf8 23. Bc1 b5 24. Nd4 Rad8 25. Qg4 Kh8 26. Qf3 Be5 27. Be3
Nh7 28. Nc6 Rxd1 29. Rxd1 Rxd1+ 30. Qxd1 Bf6 31. Nb4 a5 32. Na6 Qd8 33. Qf3 Kg8
34. Nc5 Bg5 1/2-1/2

[Event "ODEM U25-A Oberhof"]
[Site "?"]
[Date "2013.05.19"]
[Round "2.27"]
[White "Mauser, Tassilo Tino"]
[Black "Stark, Sven"]
[Result "0-1"]
[WhiteElo "1735"]
[BlackElo "1862"]
[PlyCount "114"]
[EventDate "2013.??.??"]

1. e4 e5 2. Nf3 Nc6 3. Bc4 Bc5 4. c3 Nf6 5. d3 O-O 6. O-O d5 7. exd5 Nxd5 8.
Re1 Bg4 9. h3 Bxf3 10. Qxf3 Nde7 11. Be3 Bxe3 12. fxe3 Na5 13. Qe4 Nxc4 14.
Qxc4 Ng6 15. Nd2 b5 16. Qxb5 Rb8 17. Qc4 Rxb2 18. Nf3 Qe7 19. Rab1 Rfb8 20.
Rxb2 Rxb2 21. Qd5 h6 22. Qa8+ Kh7 23. Qxa7 Nh4 24. Qa8 Rxg2+ 25. Kh1 Nxf3 26.
Qxf3 Rxa2 27. Rf1 Qe6 28. d4 e4 29. Qg4 Qxg4 30. hxg4 Rc2 31. Rf4 Rxc3 32. Rxe4
Rc2 33. Re7 Kg6 34. e4 Rc4 35. Rd7 c5 36. dxc5 Rxc5 37. Kg2 Kf6 38. Kf3 Rc3+
39. Kf2 Rc5 40. Kf3 Re5 41. Ra7 g6 42. Ra6+ Kg5 43. Ra7 Rb5 44. Rxf7 Rb3+ 45.
Kf2 Kxg4 46. e5 Rb5 47. e6 Re5 48. e7 g5 49. Kg2 h5 50. Kh2 Re2+ 51. Kg1 Kg3
52. Kf1 Re5 53. Rh7 h4 54. Rg7 g4 55. Rf7 h3 56. e8=Q Rxe8 57. Ra7 Rf8+ 0-1